000 00463nam a2200193Ia 4500
005 20240913125703.0
008 240913s9999||||xx |||||||||||||| ||und||
041 _aENGLISH
082 _A621.3825 M6
100 _aPratt,Timothy
245 0 _aSatellite Communication
250 _a1st
260 _c1986
_bJohn Wiley,New York
500 _aREFERENCE
650 _aSatellite
_bElectronics
700 _a Bostian,Charles W
942 _cREF
999 _c246059
_d246059